000 00545nam a2200205Ia 4500
001 20165
003 GE_BSU
008 181216s||||||||xx |||||||||||||| ||und||
040 _cGE_BSU
245 _aГенетика.Том 52,№12. 2016
245 _cГл. ред. Янковский
260 _aМосква
260 _bНаука
260 _c2016
300 _a1349-1468 стр. 30см.
653 _aГенетика. Том 52,№12. 2016
653 _aПериодика
653 _aპერიოდიკა
942 _cCR
999 _c53126
_d53126